000 00824 a2200181 4500
020 _a0805386629
020 _a9780805386622
082 0 4 _a530.11
090 _c391
_d391
100 1 _aHartle, James B.
245 1 0 _aGravity :
_ban introduction to einstein's general relativity /
_cJames B. Hartle.
260 _a[S.l.] :
_bBenjamin Cummings,
_c2003.
300 _a656 p. ;
_c24 cm.
942 _aSNS
_cBK
_k530.11 HAR
999 _c29023
_d29023